Quizzes
Events
Quiz Creation
Community
Videos
Private Events
Remove Ads
Sign In
Join for FREE
Feedback
Dark Mode
Quiz Categories
Sports
Geography
Music
Movies
Television
Just For Fun
Miscellaneous
History
Literature
Language
Science
Gaming
Entertainment
Religion
Holiday
For Kids
Quiz Lab
Recent
Popular Today
Quiz Kudos Today
Editor Picks
Curator Picks
Quizzes by...
Day
Popularity
Type
Ratings
Length
Year
Community
Subscriptions
Recent Discussions
Orange Saloon
Badges
Playlists
Quests
Create
Leaderboards
Showdown
Live 5
Trivia Bingo
Activity
Puzzle Library
Sporcle Events
Private Events
Virtual Trivia
Globe League
Become a Host
Pub Owners
SporcleCon
Opinionation
Our Games
Videos
Blog
Mobile Apps
Partnerships
Remove Ads and Go Orange
Feedback
Science
Computer
Plants
Astronomy
Chemistry
Elements
Math
Animal
Physics
Anatomy
Biology
Geology
General Science
Science
Computer
Plants
Astronomy
Chemistry
Elements
Math
Animal
Physics
Anatomy
Biology
Geology
General Science
Random Quiz
Search Sporcle
×
Quiz Lab
Quiz Lab
Science
Letter
Type in answers that appear in a list
Type in answers that appear in a list
Classic
Best Score? Go Orange.
Names of syndromes by their description Stats
Can you name the medical syndromes of each letter of the alphabet (except Q) by their description?
By
olliedeneini
10m
25 Questions
577 Plays
577 Plays
577 Plays
Comments
Comments
Give Quiz Kudos
Give Quiz Kudos
-
- Ratings
hide this ad
Forced Order
Answers have to be entered in order
Answers have to be entered in order
Replay
Link that replays current quiz
Next Quiz
Link to next quiz in quiz playlist
You Got
0%
They Got
Avg Score
29%
Avg Friend Score
Upgrade to see
Score Distribution
Jump to the score distribution portion of the page
Score
0/25
Timer
10:00
0
Plays Today
Letter
Syndrome
% Correct
D
Down's Syndrome
93.4%
C
Carpal Tunnel Syndrome
78.5%
F
Foetal Alcohol Syndrome
73%
I
Irritable Bowel Syndrome
62.9%
T
Tourette Syndrome
49.4%
S
Stockholm Syndrome
45.1%
K
Klinefelter's Syndrome
38.6%
L
Locked-in Syndrome
35.4%
E
Ehlers-Danlos Syndrome
34.8%
G
Guillain-Barré Syndrome
34.1%
N
Nephrotic Syndrome
33.6%
A
Antiphospholipid Syndrome
31.5%
P
Paraneoplastic Syndrome
27.9%
Letter
Syndrome
% Correct
W
Wolff-Parkinson-White Syndrome
21.1%
X
XYY Syndrome
20.6%
Z
Zollinger-Ellison Syndrome
20.1%
U
Usher Syndrome
9.5%
O
Oral Allergy Syndrome
6.2%
B
Brown Syndrome
5.4%
H
Hermansky-Pudlak Syndrome
4.2%
M
Mendelson's Syndrome
3.6%
J
Jackson-Weiss Syndrome
2.1%
R
Reynolds Syndrome
2.1%
V
Vici Syndrome
1.9%
Y
Yunis-Varon Syndrome
1%
Quiz Playlist
Details
Report
Send in Message
Add To Playlist
Classic:
Type in answers that appear in a list
Forced Order:
Answers have to be entered in order
Last Updated: Feb 16, 2017
Quiz Scoreboard
CHALLENGE
Sign Up to Join the Scoreboard
Show All
Scores
Hide
Comments
May contain spoilers
Recently Published
Movies - When Are They Set?
by FPL_Elf
Movies
5m
Popular People in 1961
by mucciniale
History
6m
1-10 Letter E Words III
by El_Dandy
Language
2m
More to Explore
Quiz From the Vault
Featured Blog Post
Where Did the Easter Bunny Come From?
hide this ad
You Might Also Like...
Tags
Alphabet Quiz
Letter Quiz
description
Medical
Syndrome
Today's Top Quizzes in Science
Browse Science
hide this ad
Today's Top Quizzes in Letter
Browse Letter
Top Contributed Quizzes in Science
1
Quick Pick: 'CI-CJ' Animals
2
One Thing in Common: Science
3
One Thing in Common: Science III
4
Elements In Images
5
Quick Pick: Radians
6
Sporcle Puzzle Hunt: Science
7
Square Numbers Scrambled (1-50)
8
One Thing in Common: Science II
9
Glycolysis
10
1 to 50
Explore More
Trending Topics
Harry Potter
Marvel
Anime
NBA
Kpop
Crossword
Disney
Song
Puzzle
Country
Pokémon
The Office
Soccer
WWE
NFL
hide this ad
More By:
olliedeneini
Quiz
Plays
Rating
Category
Featured
Created
Names of syndromes by their description
577
4.67
Science
Dec 21, 2009
Go to Creator's Profile
Score Distribution
Quiz Creator Spotlight
olliedeneini
Follow
Send a Message
Quizzes Created
-
Created Quiz Play Count
-
More By This Creator
Popular Quizzes Today
1
Find the Countries of Europe - No Outlines Minefield
2
Find the US States - No Outlines Minefield
3
The Countries of the World
4
Popular People in 1961
5
1-10 Letter E Words III
6
US States
7
Find the US States
8
One Thing in Common: World Cities II
More Science Quizzes
Find the Centipede Animals
Editor's Pick
Trending Quizzes
Risky Map Clicking: Least Populous States A-Z
Humor Books: The Subtitles
1-10 Letter F Words
1-10 Letter G Words
One Thing in Common: United Kingdom
Recently Updated
Leaping Animals
pecheneg
Reality TV Shows (A-Z)
bhenderson79
Rickey Henderson's Hall of Fame Teammates
pecheneg
Champions League XIs: Arsenal
pecheneg
Quick Pick: Celebrities in WWE's Hall of Fame
aduchscher
A-Z Keypad Blitz II
pecheneg
Multiple Oscar Actors
pecheneg
Mystery Phrase Blitz: Oscar 'Best Actors'
pecheneg
F. Scott Fitzgerald Novels
LTH
Pick 3 Villains
ddd62291
Trending Topics
Disney
Crossword
Kpop
Marvel
NBA
Harry Potter
Anime
Song
The Office
WWE
Pokémon
NFL
Country
Puzzle
Soccer
Your Account Isn't Verified!
In order to create a playlist on Sporcle, you need to verify the email address you used during registration. Go to your
Sporcle Settings
to finish the process.
Report this User
Report this user for behavior that violates our
Community Guidelines
.
Details:
Send Report
Go to the Sporcle.com Mobile Site →
Comments